000 00919nmb a2200265uu 4500
001 13281
003 HDC
007 cr aa aaaau
008 210212p2008 my ||||| |||| 00| 0 eng d
022 _a1511-2780
040 _aHDC
100 _aDAE-SUNG Choi
_eauthor
_914052
245 0 _aEffect of agitation and aeration on yield optimization of oil palm suspension culture / by
_cDAE-SUNG Choi
260 _aKuala Lumpur :
_bMalaysian Palm Oil Board,
_c2008
300 _a1 online resource (12 pages)
336 _atext
_2rdacontent
337 _acomputer
_2rdamedia
338 _aonline resource
_2rdacarrier
650 _aagitation
_914053
650 _aoil palm culture
_914005
856 _zRequest full-text at [email protected]
942 _2lcc
942 _cAR
942 _kJART 001484
999 _c10597
_d10597